Advanced theory of semiconductor devices / (Record no. 132468)
[ view plain ]
| 000 -LEADER | |
|---|---|
| fixed length control field | 00731nam a22002537a 4500 |
| 003 - CONTROL NUMBER IDENTIFIER | |
| control field | 0 |
| 005 - DATE AND TIME OF LATEST TRANSACTION | |
| control field | 20180704180202.0 |
| 008 - FIXED-LENGTH DATA ELEMENTS--GENERAL INFORMATION | |
| fixed length control field | 0 |
| 010 ## - LIBRARY OF CONGRESS CONTROL NUMBER | |
| LC control number | B-025991, B-025992 |
| 020 ## - INTERNATIONAL STANDARD BOOK NUMBER | |
| Terms of availability | 195.00 |
| International Standard Book Number | 8120317114 |
| 035 ## - SYSTEM CONTROL NUMBER | |
| System control number | B-025991 |
| 037 ## - SOURCE OF ACQUISITION | |
| Source of stock number/acquisition | Cen Lib/Ret |
| 040 ## - CATALOGING SOURCE | |
| Original cataloging agency | DPL |
| Language of cataloging | EN |
| Transcribing agency | 0 |
| 082 ## - DEWEY DECIMAL CLASSIFICATION NUMBER | |
| Classification number | 621.38152 |
| Item number | HES |
| 100 ## - MAIN ENTRY--PERSONAL NAME | |
| Personal name | Hess, Karl |
| 9 (RLIN) | 34801 |
| 245 ## - TITLE STATEMENT | |
| Title | Advanced theory of semiconductor devices / |
| Statement of responsibility, etc | by Karl Hess |
| 260 ## - PUBLICATION, DISTRIBUTION, ETC. (IMPRINT) | |
| Place of publication, distribution, etc | New Delhi |
| Name of publisher, distributor, etc | Prentice-Hall of India |
| Date of publication, distribution, etc | 2000 |
| 270 ## - ADDRESS | |
| Address | M-97, Connaught Circus |
| City | New Delhi |
| Postal code | 110001 |
| 300 ## - PHYSICAL DESCRIPTION | |
| Extent | xv,333p. : |
| Dimensions | 22cm(Hb) |
| Other physical details | ill. |
| 500 ## - GENERAL NOTE | |
| General note | Includes index |
| 650 ## - SUBJECT ADDED ENTRY--TOPICAL TERM | |
| Topical term or geographic name as entry element | Semiconductors |
| 9 (RLIN) | 34802 |
| 650 ## - SUBJECT ADDED ENTRY--TOPICAL TERM | |
| Topical term or geographic name as entry element | Transistors |
| 9 (RLIN) | 34803 |
| 942 ## - ADDED ENTRY ELEMENTS (KOHA) | |
| Source of classification or shelving scheme | Dewey Decimal Classification |
| Koha item type | English Books |
| Classification part | 621.38152 |
| Call number suffix | HES |
| Withdrawn status | Lost status | Damaged status | Not for loan | Home library | Current library | Date acquired | Source of acquisition | Cost, normal purchase price | Total Checkouts | Full call number | Barcode | Date last seen | Copy number | Cost, replacement price | Price effective from | Koha item type | Source of classification or shelving scheme | Collection code |
|---|---|---|---|---|---|---|---|---|---|---|---|---|---|---|---|---|---|---|
| Central Library | Central Library | 22/07/2015 | Cen Lib/Ret | 195.00 | 621.38152 HES | B-025991 | 22/07/2015 | 1 | 195.00 | 22/07/2015 | English Books | |||||||
| Patel Nagar | Patel Nagar | 04/07/2018 | BPPD/Pub | 195.00 | 621.38152 HES | B-025992 | 04/07/2018 | 0.00 | 04/07/2018 | English Books | Dewey Decimal Classification | Non-fiction |
